LEADER 01636nam a2200337 a 4500 001 000000170314 003 CaOOAMICUS 005 20181106104445.0 008 181106s2016 vc ef u000 u ita r 020 $a978-88-98638-02-4* 032 $aLibriCat 040 $aPUL$bita 082 04$a262.9 100 1 $aCicerchia, Andrea.$0(OLS)http://pul/name/109576 245 10$aGiuristi al servizio del papa :$bil Tribunale dell'auditor Camerae nella giustizia pontificia di etą moderna /$cAndrea Cicerchia. 260 $aCittą del Vaticano :$bArchivio Segreto Vaticano,$c©2016. 300 $a329 p., [2] c. di tav. :$bpiante ;$c24 cm. 490 1 $aCollectanea Archivi Vaticani ;$v101 504 $aBibliografia in nota. 610 24$aCamera apostolica$xStoria.$0(OLS)http://pul/subject/45715 650 4$aGiuristi$zItalia$xStoria$yEvo moderno.$0(OLS)http://pul/subject/45717 650 04$aTribunali ecclesiastici$xStoria.$0(OLS)http://pul/subject/45716 830 0$aCollectanea Archivi Vaticani ;$v101.$0(OLS)http://pul/title/7017 850 $aPUL 852 $aPUL$W1$xSL Diritto Canonico 3$y77$m262. 9 CICAN 1$j193221$qDDC 21$B198584$CPULBib$Z2$F198584 $H131541 $81 941 1 $a9 996 $6020$a978-88-98638-02-4*$9(OLS)http://pul/number/165185 996 $6082$a262.9$9(OLS)http://pul/classification/369 996 $6245$aGiuristi al servizio del papa :$bil Tribunale dell'auditor Camerae nella giustizia pontificia di etą moderna$9(OLS)http://pul/title/211050 996 $6260$aCittą del Vaticano :$bArchivio Segreto Vaticano$9(OLS)http://pul/publisher/57266 LEADER 01485nam a2200289 a 4500 001 000000137666 003 CaOOAMICUS 005 20140311114118.0 008 140311s2013 it u000 u ita r 020 $a978-88-222-6240-0 040 $aPUL$bita 082 04$a945.08 100 1 $aViglione, Massimo,$d1964-$0(OLS)http://pul/name/27409 245 13$aLe insorgenze controrivoluzionarie nella storiografia italiana :$bdibattito scientifico e scontro ideologico (1799-2012) /$cMassimo Viglione. 260 $aFirenze :$bL.S. Olschki,$c2013. 300 $aXI, 130 p. ;$c24 cm 490 1 $aBiblioteca dell'"Archivum Romanicum".$aSerie I, Storia, letteratura, paleografia ;$v417 504 $aBibliografia in nota. 651 4$aItalia$xStoria$ySec. XIX-XX.$0(OLS)http://pul/subject/7658 830 0$aBiblioteca dell'"Archivum Romanicum".$nSerie I,$pStoria, letteratura, paleografia ;$v417.$0(OLS)http://pul/title/4199 850 $aPUL 852 $aPUL$W1$xSL Cons. Gen., Altre Classi 3$y75$m945. 08 VIGMA 1$j158696$qDDC 21$B158222$CPULBib$Z2$F158222 $H123591 $82 941 1 $a9 996 $6020$a978-88-222-6240-0$9(OLS)http://pul/number/154737 996 $6082$a945.08$9(OLS)http://pul/classification/1911 996 $6245$aLe insorgenze controrivoluzionarie nella storiografia italiana :$bdibattito scientifico e scontro ideologico (1799-2012)$9(OLS)http://pul/title/174308 996 $6260$aFirenze :$bL.S. Olschki$9(OLS)http://pul/publisher/47916